000 00583nam a22001817a 4500
005 20231113125324.0
008 231113b |||||||| |||| 00| 0 eng d
020 _a0409032646
041 _aEnglish
082 _a345.5 HIE
100 _aHiemstra, VG
_lAfrikaans
245 _aSuid-Afrikaanse Strafproses :
_bDerde Kumulatiewe Byvoegsel 1985 /
_cVG Hiemstra
250 _aDerde Uitgawe
260 _aDurban :
_bButterworth-uitgewers (Edms) Bpk,
_c1984
300 _bxii, 92 pages ;
_c25 cm.
650 _aLegal practice
_bLaw
942 _cBK
_6ALISON_BN_VRIES
999 _c570
_d570